| 000 | 00479nam a22001817a 4500 | ||
|---|---|---|---|
| 003 | NUST - PNEC | ||
| 005 | 20170116180748.0 | ||
| 008 | 150226b xxu||||| |||| 00| 0 eng d | ||
| 020 | _a9781846145872 | ||
| 040 | _cLIBRARY | ||
| 082 | _a327.549 AHM | ||
| 100 |
_91503 _aAhmed Rashid |
||
| 245 |
_aPakistan On The Brink _cRashid Ahmed |
||
| 260 |
_aNew York _bAllen Lane _cc2012. |
||
| 300 | _a234 p. : | ||
| 650 |
_91506 _aInternational relations _xGeneral |
||
| 942 |
_2ddc _cBK |
||
| 999 |
_c62438 _d62438 |
||